OXFORD HAND BOOK OF THE AUDITORY BRAIN (Record no. 17890)

MARC details
000 -LEADER
fixed length control field 00253nam a22001217a 4500
003 - CONTROL NUMBER IDENTIFIER
control field SGT
082 ## - DEWEY DECIMAL CLASSIFICATION NUMBER
Classification number 617.8
Item number O10R
100 ## - MAIN ENTRY--PERSONAL NAME
Personal name REES
245 ## - TITLE STATEMENT
Title OXFORD HAND BOOK OF THE AUDITORY BRAIN
260 ## - PUBLICATION, DISTRIBUTION, ETC. (IMPRINT)
Name of publisher, distributor, etc OXFORD UNI
Year of Publication 2010
300 ## - PAGE DESCRIPTION
No. of Pages 558
942 ## - ADDED ENTRY ELEMENTS (KOHA)
Source of classification or shelving scheme Dewey Decimal Classification
Koha item type Books
Holdings
Withdrawn status Lost status Source of classification or shelving scheme Damaged status Not for loan Collection code Home library Current library Shelving location Date acquired Vendor Name Cost, normal purchase price SGTU Bill Number Total Checkouts Full call number Accession No. (Barcode) Date last seen Bill Date Koha item type
    Dewey Decimal Classification   Not For Loan MEDICAL SGT Medical Library SGT Medical Library Reference Book 19/04/2019 ADWELL BOOK 4000.00 SGTU 1331   617.8 O10R FM11264 19/04/2019 05/04/2019 Books